000
00291nam a2200121 a 4500
008
100922s1985|||| d
245
1
0
_a
Svätopluk a Metod
100
1
_a
Ferko, Milan
260
_b
Slovenský spisovateľ
_a
Bratislava
_c
1985
020
_c
27
044
_a
xo
_c
SK
041
_a
slo
999
_c
10595
_d
10595